| 000 | 00644nam a2200205Ia 4500 | ||
|---|---|---|---|
| 003 | IN-BaIIA | ||
| 008 | 211028s9999 xx 000 0 eng d | ||
| 040 | _cIIA Library | ||
| 080 |
_a047.1:535.33 _bDEV-7B |
||
| 245 | 0 |
_aDevelopments in applied spectroscopy _bvol. 7B _cedited by E. L. Grove and Alfred J. Perkins |
|
| 260 |
_aNew York _bPlenum Press _c1970 |
||
| 300 | _ax, 291p. | ||
| 650 |
_aAbsorption spectroscopy _91788 |
||
| 650 | _aAstronomy and astrophysics Thesaurus | ||
| 650 | _aOptical spectroscopy | ||
| 650 |
_aSpectrocopy _97090 |
||
| 700 |
_aGrove, E. L., ed. _96972 |
||
| 700 |
_aPerkins, Alfred J., ed. _97091 |
||
| 942 | _cBK | ||
| 999 |
_c4010 _d4010 |
||